[Event "WYCC Open U12"]
[Site "Porto Carras"]
[Date "2015.10.28"]
[Round "4.1"]
[White "Ahmadzada, Ahmad"]
[Black "Abdusattorov, Nodirbek"]
[Result "0-1"]
[BlackElo "2432"]
[WhiteElo "2107"]
[LiveChessVersion "1.4.6"]

1. e4 {[%clk 1:30:58]} e5 {[%clk 1:30:50]} 2. Nf3 {[%clk 1:31:23]} Nc6
{[%clk 1:31:03]} 3. Bb5 {[%clk 1:31:46]} a6 {[%clk 1:31:21]} 4. Ba4
{[%clk 1:32:11]} Nf6 {[%clk 1:31:23]} 5. Qe2 {[%clk 1:32:33]} Be7
{[%clk 1:30:11]} 6. O-O {[%clk 1:32:53]} b5 {[%clk 1:30:24]} 7. Bb3
{[%clk 1:33:15]} d6 {[%clk 1:30:24]} 8. c3 {[%clk 1:33:23]} O-O {[%clk 1:30:20]}
9. Rd1 {[%clk 1:33:45]} Na5 {[%clk 1:30:25]} 10. Bc2 {[%clk 1:34:07]} c5
{[%clk 1:30:33]} 11. d4 {[%clk 1:34:29]} Qc7 {[%clk 1:30:41]} 12. d5
{[%clk 1:34:25]} Re8 {[%clk 1:29:34]} 13. b3 {[%clk 1:33:28]} Bd7
{[%clk 1:29:05]} 14. h3 {[%clk 1:30:41]} Nb7 {[%clk 1:26:53]} 15. Be3
{[%clk 1:27:40]} Reb8 {[%clk 1:21:41]} 16. Nbd2 {[%clk 1:26:03]} Qc8
{[%clk 1:21:15]} 17. Bd3 {[%clk 1:18:44]} Ne8 {[%clk 1:21:27]} 18. g4
{[%clk 1:11:48]} Nc7 {[%clk 1:21:28]} 19. Kh2 {[%clk 1:09:32]} Qe8
{[%clk 1:21:12]} 20. Bc2 {[%clk 1:04:43]} Bd8 {[%clk 1:14:13]} 21. Rg1
{[%clk 1:01:26]} b4 {[%clk 1:13:27]} 22. c4 {[%clk 0:55:05]} a5 {[%clk 1:13:49]}
23. a4 {[%clk 0:54:55]} bxa3 {[%clk 1:14:14]} 24. Rxa3 {[%clk 0:55:18]} Na6
{[%clk 1:14:36]} 25. Rga1 {[%clk 0:52:40]} a4 {[%clk 1:14:13]} 26. bxa4
{[%clk 0:45:14]} Ba5 {[%clk 1:14:23]} 27. Rb1 {[%clk 0:43:59]} Bb4
{[%clk 1:14:26]} 28. Ra2 {[%clk 0:43:44]} Na5 {[%clk 1:10:50]} 29. Nb3
{[%clk 0:28:03]} Bc3 {[%clk 1:06:34]} 30. Nxa5 {[%clk 0:27:31]} Rxb1
{[%clk 1:06:57]} 31. Bxb1 {[%clk 0:27:45]} Bxa5 32. Bd2 {[%clk 0:24:38]} Bxd2
{[%clk 1:07:08]} 33. Qxd2 {[%clk 0:24:58]} Nb4 {[%clk 1:07:05]} 34. Rb2
{[%clk 0:24:27]} Rxa4 {[%clk 1:07:16]} 35. Ne1 {[%clk 0:24:27]} h5
{[%clk 1:04:25]} 36. f3 {[%clk 0:23:08]} Qd8 {[%clk 0:55:53]} 37. Nd3
{[%clk 0:19:43]} Nxd3 {[%clk 0:45:52]} 38. Bxd3 {[%clk 0:20:02]} Ra3
{[%clk 0:45:59]} 39. Ra2 {[%clk 0:17:08]} Rxa2 {[%clk 0:44:06]} 40. Qxa2
{[%clk 0:47:19]} h4 {[%clk 1:14:22]} 41. Qa7 {[%clk 0:42:28]} Be8
{[%clk 1:12:27]} 42. Bc2 {[%clk 0:39:25]} Qg5 {[%clk 1:11:30]} 43. Qb8
{[%clk 0:39:20]} Qd2+ {[%clk 1:11:53]} 44. Kg1 {[%clk 0:39:01]} Qc1+
{[%clk 1:12:22]} 45. Kg2 {[%clk 0:39:09]} Qxc2+ {[%clk 1:12:45]} 46. Kg1
{[%clk 0:39:30]} Qa4 {[%clk 1:13:15]} 47. Qxd6 {[%clk 0:39:49]} Qxc4
{[%clk 1:11:46]} 48. Qb8 {[%clk 0:38:51]} Qa4 {[%clk 1:11:01]} 0-1

[Event "WYCC Open U12"]
[Site "Porto Carras"]
[Date "2015.10.28"]
[Round "4.2"]
[White "Firouzja, Alireza"]
[Black "Mitev, Valentin"]
[Result "1-0"]
[BlackElo "2090"]
[WhiteElo "2364"]
[LiveChessVersion "1.4.6"]

1. e4 {[%clk 1:30:57]} c5 {[%clk 1:30:53]} 2. Nc3 {[%clk 1:31:21]} Nc6
{[%clk 1:31:19]} 3. Bb5 {[%clk 1:31:45]} Nd4 {[%clk 1:31:25]} 4. Bc4
{[%clk 1:32:07]} e6 {[%clk 1:31:41]} 5. Nge2 {[%clk 1:32:21]} Nf6
{[%clk 1:31:54]} 6. O-O {[%clk 1:32:00]} a6 {[%clk 1:31:45]} 7. a4
{[%clk 1:32:19]} Be7 {[%clk 1:31:06]} 8. d3 {[%clk 1:15:15]} d6 {[%clk 1:12:40]}
9. Nxd4 {[%clk 1:12:22]} cxd4 {[%clk 1:12:35]} 10. Ne2 {[%clk 1:12:43]} e5
{[%clk 1:12:11]} 11. c3 {[%clk 1:11:05]} dxc3 {[%clk 1:11:49]} 12. Nxc3
{[%clk 1:11:26]} Be6 {[%clk 1:07:23]} 13. Qb3 {[%clk 1:05:59]} Qd7
{[%clk 1:00:12]} 14. Be3 {[%clk 0:51:01]} O-O {[%clk 0:53:49]} 15. f3
{[%clk 0:50:13]} Rac8 {[%clk 0:48:06]} 16. Rfd1 {[%clk 0:46:51]} Rc7
{[%clk 0:41:46]} 17. a5 {[%clk 0:44:20]} Bxc4 {[%clk 0:38:07]} 18. dxc4
{[%clk 0:44:41]} Qc6 {[%clk 0:38:06]} 19. Ra4 {[%clk 0:40:45]} Rfc8
{[%clk 0:29:27]} 20. Qc2 {[%clk 0:37:04]} Bf8 {[%clk 0:24:04]} 21. Kh1
{[%clk 0:35:07]} Qe8 {[%clk 0:21:40]} 22. b3 {[%clk 0:34:46]} Be7
{[%clk 0:16:26]} 23. Qb1 {[%clk 0:33:33]} h6 {[%clk 0:14:08]} 24. Ra2
{[%clk 0:33:22]} Rc6 {[%clk 0:12:54]} 25. Rad2 {[%clk 0:32:14]} Qf8
{[%clk 0:08:46]} 26. Rd3 {[%clk 0:27:12]} Kh8 {[%clk 0:08:40]} 27. Na4
{[%clk 0:26:31]} Nd7 {[%clk 0:08:12]} 28. Nb6 {[%clk 0:21:28]} Nxb6
{[%clk 0:08:21]} 29. Bxb6 {[%clk 0:21:53]} Bd8 {[%clk 0:07:23]} 30. Bxd8
{[%clk 0:22:10]} Qxd8 {[%clk 0:07:24]} 31. Rd5 {[%clk 0:22:32]} Qc7
{[%clk 0:04:28]} 32. Qa2 {[%clk 0:20:33]} f6 {[%clk 0:04:00]} 33. Qd2
{[%clk 0:18:11]} Rd8 {[%clk 0:04:26]} 34. h3 {[%clk 0:16:19]} Kg8
{[%clk 0:04:51]} 35. f4 {[%clk 0:16:22]} exf4 {[%clk 0:03:55]} 36. Qxf4
{[%clk 0:15:23]} Qe7 {[%clk 0:03:00]} 37. R1d3 {[%clk 0:13:28]} Qc7
{[%clk 0:01:51]} 38. Rg3 {[%clk 0:13:30]} Kf8 {[%clk 0:01:58]} 39. Rh5
{[%clk 0:10:50]} Qf7 {[%clk 0:01:43]} 40. Rxh6 {[%clk 0:40:26]} gxh6
{[%clk 0:31:49]} 41. Qxh6+ {[%clk 0:40:51]} Ke7 {[%clk 0:29:31]} 42. Rg7
{[%clk 0:41:09]} Rf8 {[%clk 0:29:05]} 43. Rxf7+ {[%clk 0:40:15]} Rxf7
{[%clk 0:28:31]} 44. Qd2 {[%clk 0:40:01]} Rg7 {[%clk 0:26:55]} 45. g4
{[%clk 0:37:52]} Rc5 {[%clk 0:24:55]} 46. Qb4 {[%clk 0:36:29]} Ke6
{[%clk 0:24:33]} 47. Kg2 {[%clk 0:36:53]} Re5 {[%clk 0:24:01]} 48. Kf3
{[%clk 0:36:57]} Rh7 {[%clk 0:23:58]} 49. Kf4 {[%clk 0:37:20]} Rc5
{[%clk 0:21:21]} 50. Qb6 {[%clk 0:36:15]} Rd7 {[%clk 0:20:47]} 51. h4
{[%clk 0:36:07]} Kf7 {[%clk 0:17:23]} 52. Qb4 {[%clk 0:32:19]} Re7
{[%clk 0:16:28]} 53. Qd2 {[%clk 0:31:09]} Rce5 {[%clk 0:16:22]} 54. Qd4
{[%clk 0:30:32]} R7e6 {[%clk 0:15:26]} 55. b4 {[%clk 0:30:12]} Kg6
{[%clk 0:15:03]} 56. Kf3 {[%clk 0:29:37]} Kh6 {[%clk 0:13:55]} 57. Qe3+
{[%clk 0:29:57]} Kg6 {[%clk 0:13:38]} 58. h5+ {[%clk 0:25:52]} Kg7
{[%clk 0:13:56]} 59. Qb6 {[%clk 0:24:02]} Re7 {[%clk 0:14:11]} 60. Qxd6
{[%clk 0:24:10]} Rxe4 {[%clk 0:12:47]} 61. h6+ {[%clk 0:24:31]} Kf7
{[%clk 0:11:46]} 62. Qd3 {[%clk 0:21:42]} R4e6 {[%clk 0:10:02]} 63. Qh7+
{[%clk 0:20:06]} Ke8 {[%clk 0:10:17]} 64. Qg8+ {[%clk 0:18:28]} Kd7
{[%clk 0:10:46]} 65. h7 {[%clk 0:18:09]} Re3+ {[%clk 0:11:02]} 66. Kf4
{[%clk 0:18:19]} R7e4+ {[%clk 0:10:25]} 67. Kf5 {[%clk 0:18:41]} Re5+
{[%clk 0:10:45]} 68. Kg6 {[%clk 0:18:27]} Rg5+ {[%clk 0:11:01]} 69. Kxf6
{[%clk 0:18:47]} 1-0

[Event "WYCC Open U12"]
[Site "Porto Carras"]
[Date "2015.10.28"]
[Round "4.3"]
[White "Keymer, Vincent"]
[Black "Gines Esteo, Pedro Antonio"]
[Result "1/2-1/2"]
[BlackElo "2065"]
[WhiteElo "2347"]
[LiveChessVersion "1.4.6"]

1. d4 {[%clk 1:30:58]} d5 {[%clk 1:30:48]} 2. c4 {[%clk 1:31:24]} c6
{[%clk 1:31:07]} 3. Nf3 {[%clk 1:31:50]} Nf6 {[%clk 1:31:28]} 4. Nc3
{[%clk 1:32:16]} dxc4 {[%clk 1:31:41]} 5. a4 {[%clk 1:32:42]} e6 {[%clk 1:31:54]}
6. e3 {[%clk 1:32:48]} c5 {[%clk 1:31:44]} 7. Bxc4 {[%clk 1:33:11]} Nc6
{[%clk 1:31:37]} 8. O-O {[%clk 1:32:25]} cxd4 {[%clk 1:31:35]} 9. exd4
{[%clk 1:32:50]} Be7 {[%clk 1:31:56]} 10. Bg5 {[%clk 1:30:14]} O-O
{[%clk 1:31:22]} 11. Re1 {[%clk 1:21:49]} h6 {[%clk 1:23:39]} 12. Bh4
{[%clk 1:22:02]} Nb4 {[%clk 1:23:28]} 13. Ne5 {[%clk 1:20:35]} Bd7
{[%clk 1:20:17]} 14. Qb3 {[%clk 1:19:28]} Nc6 {[%clk 0:57:00]} 15. Qxb7
{[%clk 1:16:01]} Rb8 {[%clk 0:56:55]} 16. Nxc6 {[%clk 1:16:01]} Rxb7
{[%clk 0:56:55]} 17. Nxd8 {[%clk 1:16:01]} Bxd8 {[%clk 0:56:55]} 18. Re2
{[%clk 1:14:16]} Nd5 {[%clk 0:39:23]} 19. Bxd5 {[%clk 1:04:58]} exd5
{[%clk 0:39:40]} 20. Bg3 {[%clk 1:05:24]} Bf6 {[%clk 0:30:36]} 21. Nxd5
{[%clk 0:59:13]} Bxd4 {[%clk 0:30:01]} 22. Rd1 {[%clk 0:59:30]} Bg4
{[%clk 0:30:01]} 23. Re7 {[%clk 0:57:01]} Rxb2 {[%clk 0:25:26]} 24. Rde1
{[%clk 0:55:54]} Be6 {[%clk 0:25:00]} 25. Nc7 {[%clk 0:54:32]} Bc3
{[%clk 0:20:07]} 26. Rc1 {[%clk 0:51:34]} Bd2 {[%clk 0:19:52]} 27. Nxe6
{[%clk 0:48:49]} Bxc1 {[%clk 0:18:15]} 28. Nxf8 {[%clk 0:49:14]} Kxf8
{[%clk 0:17:13]} 29. Rxa7 {[%clk 0:44:22]} Bf4 {[%clk 0:16:10]} 30. h4
{[%clk 0:38:24]} Bxg3 {[%clk 0:16:00]} 31. fxg3 {[%clk 0:38:49]} Ra2
{[%clk 0:16:12]} 32. h5 {[%clk 0:38:19]} Kg8 {[%clk 0:16:02]} 33. Kh2
{[%clk 0:38:20]} Kh7 {[%clk 0:16:00]} 34. Ra8 {[%clk 0:33:27]} g5
{[%clk 0:12:53]} 35. hxg6+ {[%clk 0:30:45]} Kxg6 {[%clk 0:12:13]} 36. Kh3
{[%clk 0:30:30]} h5 {[%clk 0:10:27]} 37. Ra6+ {[%clk 0:29:47]} f6
{[%clk 0:08:41]} 38. Ra5 {[%clk 0:30:01]} Kg7 {[%clk 0:07:54]} 39. Ra8
{[%clk 0:25:34]} Kg6 {[%clk 0:05:33]} 40. Ra7 {[%clk 0:55:35]} Kh6
{[%clk 0:34:45]} 41. Ra6 {[%clk 0:55:01]} Kg5 {[%clk 0:32:48]} 42. Ra5+
{[%clk 0:54:50]} 1/2-1/2

[Event "WYCC Open U12"]
[Site "Porto Carras"]
[Date "2015.10.28"]
[Round "4.4"]
[White "Niemann, Hans M"]
[Black "Gavrilescu, David"]
[Result "1-0"]
[BlackElo "2208"]
[WhiteElo "2046"]
[LiveChessVersion "1.4.6"]

1. d4 {[%clk 1:30:51]} e6 {[%clk 1:30:19]} 2. c4 {[%clk 1:31:11]} c5
{[%clk 1:30:01]} 3. d5 {[%clk 1:31:29]} exd5 {[%clk 1:29:37]} 4. cxd5
{[%clk 1:31:52]} d6 {[%clk 1:29:38]} 5. Nc3 {[%clk 1:32:10]} g6 {[%clk 1:28:55]}
6. Nf3 {[%clk 1:31:28]} Bg7 {[%clk 1:28:19]} 7. Bf4 {[%clk 1:31:47]} Ne7
{[%clk 1:27:21]} 8. Qa4+ {[%clk 1:24:10]} Bd7 {[%clk 1:26:40]} 9. Qb3
{[%clk 1:23:40]} Qc7 {[%clk 1:25:36]} 10. e3 {[%clk 1:18:21]} Nc8
{[%clk 1:18:27]} 11. Nd2 {[%clk 1:13:30]} O-O {[%clk 1:10:12]} 12. Be2
{[%clk 1:11:28]} Na6 {[%clk 1:07:05]} 13. O-O Rb8 {[%clk 1:00:28]} 14. Nb5
{[%clk 0:56:26]} Qa5 {[%clk 0:50:31]} 15. Nxd6 {[%clk 0:47:45]} Qxd2
{[%clk 0:46:22]} 16. Bxa6 {[%clk 0:47:44]} Nb6 {[%clk 0:15:08]} 17. Ne4
{[%clk 0:33:47]} Qa5 {[%clk 0:09:43]} 18. Bxb8 {[%clk 0:33:23]} Rxb8
{[%clk 0:09:32]} 19. Be2 {[%clk 0:32:19]} Na4 {[%clk 0:04:29]} 20. Rab1 Bf5
{[%clk 0:04:27]} 21. f3 {[%clk 0:29:53]} b5 {[%clk 0:04:26]} 22. Rfc1
{[%clk 0:29:04]} Qb6 {[%clk 0:04:06]} 23. Kh1 {[%clk 0:26:55]} h5
{[%clk 0:03:25]} 24. Qa3 {[%clk 0:21:12]} Bf8 {[%clk 0:01:17]} 25. Bd1
{[%clk 0:19:59]} c4 {[%clk 0:01:29]} 26. b4 {[%clk 0:19:54]} a5 {[%clk 0:01:04]}
27. Bxa4 {[%clk 0:20:00]} axb4 {[%clk 0:01:14]} 28. Rxb4 {[%clk 0:10:05]} Bxb4
{[%clk 0:00:37]} 29. Qxb4 {[%clk 0:10:30]} bxa4 {[%clk 0:01:02]} 30. Qxb6
{[%clk 0:10:52]} Rxb6 {[%clk 0:01:27]} 31. Nc5 {[%clk 0:11:11]} Bc2
{[%clk 0:00:33]} 32. g4 {[%clk 0:09:17]} Rb2 {[%clk 0:00:35]} 33. gxh5
{[%clk 0:09:31]} gxh5 {[%clk 0:00:48]} 34. d6 {[%clk 0:09:50]} Kf8
{[%clk 0:01:10]} 35. Rg1 {[%clk 0:09:25]} Bg6 {[%clk 0:00:36]} 36. f4
{[%clk 0:09:16]} Rb5 {[%clk 0:00:45]} 37. Nd7+ {[%clk 0:09:42]} Ke8
{[%clk 0:01:11]} 38. Nf6+ {[%clk 0:10:07]} Kd8 {[%clk 0:01:38]} 39. e4
{[%clk 0:10:33]} c3 {[%clk 0:01:24]} 40. Rc1 {[%clk 0:40:56]} Rb6
{[%clk 0:31:42]} 41. f5 {[%clk 0:40:30]} Rxd6 {[%clk 0:30:54]} 42. fxg6
{[%clk 0:40:52]} Rxf6 {[%clk 0:31:00]} 43. g7 {[%clk 0:41:17]} Rg6
{[%clk 0:29:14]} 44. Rg1 {[%clk 0:41:46]} c2 {[%clk 0:28:59]} 45. Rxg6
{[%clk 0:41:02]} c1=Q+ {[%clk 0:28:52]} 46. Rg1 {[%clk 0:41:29]} Qf4
{[%clk 0:28:21]} 47. g8=Q+ {[%clk 0:41:53]} Kd7 {[%clk 0:28:46]} 48. Qg2
{[%clk 0:42:18]} a3 {[%clk 0:28:41]} 49. Rf1 {[%clk 0:42:44]} 1-0

[Event "WYCC Open U12"]
[Site "Porto Carras"]
[Date "2015.10.28"]
[Round "4.5"]
[White "Henderson De La Fuente, Lance"]
[Black "Sanz Wawer, Daniel"]
[Result "1/2-1/2"]
[BlackElo "2016"]
[WhiteElo "2180"]
[LiveChessVersion "1.4.6"]

1. e4 {[%clk 1:30:57]} c5 {[%clk 1:30:39]} 2. b3 {[%clk 1:31:16]} Nc6
{[%clk 1:29:08]} 3. Bb2 {[%clk 1:31:38]} e5 {[%clk 1:27:30]} 4. Bc4
{[%clk 1:31:24]} d6 {[%clk 1:24:15]} 5. Nc3 {[%clk 1:29:49]} Nf6 {[%clk 1:22:11]}
6. d3 {[%clk 1:29:00]} Be6 {[%clk 1:15:47]} 7. Nd5 {[%clk 1:19:07]} Bxd5
{[%clk 1:06:55]} 8. Bxd5 {[%clk 1:17:26]} Nxd5 {[%clk 1:02:21]} 9. exd5
{[%clk 1:17:48]} Ne7 {[%clk 1:01:21]} 10. c4 {[%clk 1:17:54]} Qd7
{[%clk 0:56:46]} 11. Ne2 {[%clk 1:14:51]} Ng6 {[%clk 0:51:22]} 12. O-O
{[%clk 1:14:36]} O-O-O {[%clk 0:42:23]} 13. a3 {[%clk 1:09:40]} h5
{[%clk 0:36:23]} 14. f4 {[%clk 1:08:37]} f6 {[%clk 0:31:31]} 15. fxe5
{[%clk 1:08:42]} dxe5 {[%clk 0:30:55]} 16. b4 {[%clk 1:07:49]} Kb8
{[%clk 0:26:59]} 17. bxc5 {[%clk 1:07:53]} Bxc5+ {[%clk 0:27:21]} 18. d4
{[%clk 1:08:04]} exd4 {[%clk 0:27:36]} 19. Bxd4 {[%clk 1:08:18]} Qd6
{[%clk 0:26:09]} 20. Bxc5 {[%clk 1:03:34]} Qxc5+ {[%clk 0:25:01]} 21. Qd4
{[%clk 1:03:40]} Rc8 {[%clk 0:23:32]} 22. Qxc5 {[%clk 1:01:50]} Rxc5
{[%clk 0:24:00]} 23. Nf4 {[%clk 1:02:10]} Nxf4 {[%clk 0:18:32]} 24. Rxf4
{[%clk 1:02:38]} Rhc8 {[%clk 0:17:07]} 25. Re1 {[%clk 0:55:29]} Rxc4
{[%clk 0:14:36]} 26. Rxc4 {[%clk 0:55:50]} Rxc4 {[%clk 0:15:00]} 27. d6
{[%clk 0:56:10]} Rc8 {[%clk 0:07:55]} 28. Kf2 {[%clk 0:53:32]} Rd8
{[%clk 0:07:10]} 29. Re6 {[%clk 0:53:33]} Kc8 {[%clk 0:06:04]} 30. Ke3
{[%clk 0:53:22]} Kd7 {[%clk 0:05:13]} 31. Re7+ {[%clk 0:53:51]} Kxd6
{[%clk 0:02:20]} 32. Rxb7 {[%clk 0:44:41]} Rd7 {[%clk 0:02:27]} 33. Rb5
{[%clk 0:44:58]} g6 {[%clk 0:02:28]} 34. Ra5 {[%clk 0:45:06]} Ke6
{[%clk 0:01:30]} 35. Ra6+ {[%clk 0:45:06]} Kf5 {[%clk 0:01:19]} 36. Ra5+
{[%clk 0:44:26]} Ke6 {[%clk 0:01:03]} 37. Ke4 {[%clk 0:43:49]} Kf7
{[%clk 0:00:45]} 38. h4 {[%clk 0:42:03]} Kg7 {[%clk 0:00:42]} 39. g3
{[%clk 0:39:59]} Re7+ {[%clk 0:00:52]} 40. Kf4 {[%clk 1:09:46]} Rc7
{[%clk 0:31:02]} 41. Ke4 {[%clk 1:09:17]} Rd7 {[%clk 0:21:04]} 42. Kf4
{[%clk 1:07:10]} Kh6 {[%clk 0:18:16]} 43. Ra6 {[%clk 1:06:52]} Kg7
{[%clk 0:18:17]} 44. Ke4 1/2-1/2

[Event "WYCC Open U12"]
[Site "Porto Carras"]
[Date "2015.10.28"]
[Round "4.6"]
[White "Kacharava, Nikolozi"]
[Black "Muradli, Mahammad"]
[Result "0-1"]
[BlackElo "2121"]
[WhiteElo "1956"]
[LiveChessVersion "1.4.6"]

1. e4 {[%clk 1:30:52]} c5 {[%clk 1:30:53]} 2. Nf3 {[%clk 1:31:13]} d6
{[%clk 1:31:20]} 3. d4 {[%clk 1:31:37]} cxd4 {[%clk 1:31:47]} 4. Qxd4
{[%clk 1:31:53]} a6 {[%clk 1:32:05]} 5. h3 {[%clk 1:32:22]} Nc6 {[%clk 1:32:22]}
6. Qe3 {[%clk 1:32:31]} g6 {[%clk 1:32:40]} 7. c4 {[%clk 1:32:35]} Be6
{[%clk 1:32:59]} 8. Be2 {[%clk 1:30:08]} Bh6 {[%clk 1:32:38]} 9. Qc3
{[%clk 1:28:58]} Qa5 {[%clk 1:32:48]} 10. O-O {[%clk 1:20:29]} Qxc3
{[%clk 1:31:17]} 11. Nxc3 {[%clk 1:20:26]} Bg7 {[%clk 1:30:27]} 12. Be3
{[%clk 1:10:37]} Nf6 {[%clk 1:26:52]} 13. Rac1 {[%clk 1:05:43]} O-O
{[%clk 1:26:35]} 14. Rfd1 {[%clk 1:03:19]} Rac8 {[%clk 1:24:05]} 15. Ng5
{[%clk 0:56:36]} Rfd8 {[%clk 1:20:02]} 16. f4 Nd7 {[%clk 1:12:02]} 17. Nxe6
{[%clk 0:45:17]} fxe6 {[%clk 1:10:58]} 18. Bg4 {[%clk 0:45:30]} Kf7
{[%clk 1:10:53]} 19. f5 {[%clk 0:43:24]} gxf5 {[%clk 0:37:26]} 20. exf5
{[%clk 0:43:02]} e5 {[%clk 0:37:52]} 21. Nd5 {[%clk 0:35:33]} Nf6
{[%clk 0:34:36]} 22. Nxf6 {[%clk 0:35:42]} Bxf6 {[%clk 0:34:45]} 23. Bh5+
{[%clk 0:36:03]} Kg7 {[%clk 0:34:32]} 24. g4 {[%clk 0:35:33]} h6 {[%clk 0:34:27]}
25. Kg2 {[%clk 0:28:09]} e4 {[%clk 0:32:27]} 26. Re1 {[%clk 0:23:39]} Ne5
{[%clk 0:22:18]} 27. Bb6 {[%clk 0:23:11]} Rd7 {[%clk 0:22:35]} 28. Rxe4
{[%clk 0:20:55]} d5 {[%clk 0:20:44]} 29. Re2 {[%clk 0:20:21]} Nd3
{[%clk 0:19:41]} 30. Rf1 {[%clk 0:19:42]} dxc4 {[%clk 0:19:35]} 31. h4
{[%clk 0:16:33]} Bxh4 {[%clk 0:14:20]} 32. g5 {[%clk 0:16:29]} Bxg5
{[%clk 0:12:57]} 33. f6+ {[%clk 0:16:43]} Bxf6 {[%clk 0:10:49]} 34. Bg4
{[%clk 0:17:04]} Rc6 {[%clk 0:10:21]} 35. Bxd7 {[%clk 0:16:45]} Rxb6
{[%clk 0:10:50]} 36. Bf5 {[%clk 0:11:14]} Nxb2 {[%clk 0:10:50]} 37. Kh3
{[%clk 0:10:36]} Rb5 {[%clk 0:09:14]} 38. Rg1+ {[%clk 0:07:03]} Kh8
{[%clk 0:08:23]} 39. Bc2 {[%clk 0:05:57]} Rh5+ {[%clk 0:07:01]} 40. Kg2
{[%clk 0:35:50]} c3 {[%clk 0:36:31]} 41. Kf3 {[%clk 0:27:17]} Nc4
{[%clk 0:34:20]} 42. Reg2 {[%clk 0:25:55]} Bg5 {[%clk 0:33:23]} 43. Ke4
{[%clk 0:24:07]} Nd2+ {[%clk 0:28:17]} 44. Kd3 {[%clk 0:23:11]} Nf3
{[%clk 0:28:20]} 45. Bd1 {[%clk 0:19:02]} Rh3 {[%clk 0:28:32]} 46. Bxf3
{[%clk 0:19:18]} Rxf3+ {[%clk 0:29:01]} 47. Kc2 {[%clk 0:18:59]} Bf6
{[%clk 0:29:22]} 48. Rd1 {[%clk 0:17:37]} Rf5 {[%clk 0:29:02]} 49. a4
{[%clk 0:15:59]} Rf4 {[%clk 0:28:51]} 50. Kb3 {[%clk 0:14:37]} a5
{[%clk 0:27:16]} 51. Rd3 {[%clk 0:13:53]} Rb4+ {[%clk 0:26:50]} 52. Ka3
{[%clk 0:14:22]} Rb1 {[%clk 0:26:09]} 53. Ka2 {[%clk 0:12:57]} Ra1+
{[%clk 0:26:06]} 54. Kb3 {[%clk 0:13:16]} Rb1+ {[%clk 0:24:54]} 55. Ka2
{[%clk 0:13:38]} Rb4 {[%clk 0:25:02]} 56. Ka3 {[%clk 0:13:58]} Kh7
{[%clk 0:24:34]} 57. Rf3 {[%clk 0:13:20]} b6 {[%clk 0:24:27]} 58. Rd3
{[%clk 0:12:08]} Rc4 {[%clk 0:23:18]} 59. Kb3 {[%clk 0:11:51]} Rc5
{[%clk 0:23:33]} 60. Rf3 {[%clk 0:11:05]} Rc8 {[%clk 0:22:17]} 61. Rh3
{[%clk 0:09:42]} Rc6 {[%clk 0:22:24]} 62. Rd3 {[%clk 0:08:44]} Rc5
{[%clk 0:22:22]} 63. Rf3 {[%clk 0:06:58]} h5 {[%clk 0:22:47]} 64. Rh3
{[%clk 0:06:41]} h4 {[%clk 0:23:08]} 65. Rf3 {[%clk 0:06:23]} Kh6
{[%clk 0:23:17]} 66. Rh3 {[%clk 0:06:00]} b5 {[%clk 0:23:05]} 67. axb5
{[%clk 0:05:56]} a4+ {[%clk 0:23:19]} 68. Kb4 {[%clk 0:03:15]} c2
{[%clk 0:23:37]} 69. Kxc5 {[%clk 0:03:39]} c1=Q+ {[%clk 0:24:02]} 70. Kb4
{[%clk 0:02:50]} Qb1+ {[%clk 0:23:43]} 71. Ka5 {[%clk 0:02:56]} Qe1+
{[%clk 0:24:09]} 0-1

[Event "WYCC Open U12"]
[Site "Porto Carras"]
[Date "2015.10.28"]
[Round "4.7"]
[White "Liang, Awonder"]
[Black "Golding, Alex"]
[Result "1-0"]
[BlackElo "2088"]
[WhiteElo "2365"]
[LiveChessVersion "1.4.6"]

1. e4 {[%clk 1:30:59]} c5 {[%clk 1:29:33]} 2. Nf3 {[%clk 1:31:24]} d6
{[%clk 1:29:59]} 3. Bb5+ {[%clk 1:31:40]} Bd7 {[%clk 1:30:17]} 4. c4
{[%clk 1:32:02]} Nc6 {[%clk 1:28:18]} 5. O-O {[%clk 1:32:17]} g6 {[%clk 1:28:15]}
6. d4 {[%clk 1:27:58]} cxd4 {[%clk 1:28:36]} 7. Nxd4 {[%clk 1:28:25]} Bg7
{[%clk 1:28:52]} 8. Bxc6 {[%clk 1:26:41]} bxc6 {[%clk 1:28:54]} 9. c5
{[%clk 1:26:25]} dxc5 {[%clk 1:26:25]} 10. Nb3 {[%clk 1:25:48]} Be6
{[%clk 1:26:32]} 11. Nxc5 {[%clk 1:20:01]} Bc4 {[%clk 1:26:43]} 12. Re1
{[%clk 1:17:04]} Qa5 {[%clk 1:22:21]} 13. Qd7+ {[%clk 1:12:38]} Kf8
{[%clk 1:22:45]} 14. Rd1 {[%clk 1:12:58]} Nf6 {[%clk 1:23:03]} 15. Qxc6
{[%clk 1:12:45]} Rd8 {[%clk 1:23:28]} 16. Rxd8+ Qxd8 {[%clk 1:23:51]} 17. Nc3
{[%clk 1:10:57]} Ng4 {[%clk 1:18:26]} 18. Nb7 Qb8 {[%clk 1:14:00]} 19. Qxc4
{[%clk 0:48:35]} Qxb7 {[%clk 1:14:05]} 20. Bf4 {[%clk 0:47:02]} Be5
{[%clk 1:13:21]} 21. Bxe5 {[%clk 0:39:47]} Nxe5 {[%clk 1:13:40]} 22. Qb3
{[%clk 0:33:13]} Qxb3 {[%clk 1:08:45]} 23. axb3 {[%clk 0:33:34]} Kg7
{[%clk 1:09:07]} 24. b4 {[%clk 0:33:11]} Rb8 {[%clk 1:09:20]} 25. b5
{[%clk 0:25:40]} Rb7 {[%clk 1:09:18]} 26. f3 {[%clk 0:24:33]} h5 {[%clk 1:09:13]}
27. Ra2 {[%clk 0:17:54]} Rd7 {[%clk 1:08:59]} 28. Kf2 {[%clk 0:16:58]} Rd2+
{[%clk 1:05:34]} 29. Kf1 {[%clk 0:17:00]} Rd7 {[%clk 1:02:49]} 30. Ke2
{[%clk 0:17:15]} Nc4 {[%clk 1:02:56]} 31. b3 {[%clk 0:17:18]} Nd6
{[%clk 1:01:49]} 32. Ra5 {[%clk 0:15:34]} e6 {[%clk 1:01:45]} 33. Ra6
{[%clk 0:15:39]} Nc8 {[%clk 1:01:14]} 34. Rc6 {[%clk 0:15:35]} Ne7
{[%clk 1:01:27]} 35. Rc4 {[%clk 0:15:37]} Kf8 {[%clk 1:00:44]} 36. Na4
{[%clk 0:13:53]} Rb7 {[%clk 1:00:56]} 37. Rc5 {[%clk 0:14:13]} Ke8
{[%clk 1:01:05]} 38. Kd3 {[%clk 0:14:02]} Kd8 {[%clk 1:01:06]} 39. Kc3
{[%clk 0:13:45]} Kd7 {[%clk 1:00:37]} 40. Kb4 {[%clk 0:42:34]} a6
{[%clk 1:25:46]} 41. b6 {[%clk 0:38:55]} Nc6+ {[%clk 1:25:04]} 42. Kc4
{[%clk 0:37:00]} Kd6 {[%clk 1:25:12]} 43. e5+ {[%clk 0:31:19]} Kd7
{[%clk 1:25:12]} 44. b4 {[%clk 0:30:48]} Ne7 {[%clk 1:18:43]} 45. Ra5
{[%clk 0:30:35]} Rb8 {[%clk 1:16:38]} 46. Rxa6 {[%clk 0:30:50]} Nc6
{[%clk 1:16:37]} 47. Nc5+ {[%clk 0:29:44]} Kc8 {[%clk 1:16:16]} 48. b7+
{[%clk 0:30:09]} Kc7 {[%clk 1:16:39]} 49. Rxc6+ {[%clk 0:30:36]} 1-0